00656 2200241 4500001002100000005001700021008004100038035002400079082001000103090001700113100001600130245006600146250001100212260002500223300002300248500005700271650002800328700001000356850001200366980001500378985000600393999001500399YOGYA-0209000006553720090227091823.0 ind  0010-020900000065537 a155.4 a155.4bHau M aHAUCK, Paul aMendidik anak dengan berhasilcpaul Hauck ; penerjemah, Daisy aCet. 5 aJakartabArcanc1995 avi, 221 hlmc21 cm aJudul asli : How to bring up your child successpilly aAnak, Psikologi belajar aDaisy aYOPDYOG a23-10-2008 a1 a95P0065602